Cricket: Lowest Individual Career Test Bowling Average - Statistics

General Stats
  • This quiz has been taken 20 times
    13 since last reset
  • The average score is 20 of 24
Answer Stats
Country Years Wickets Average Answer % Correct
SA 2004-2019 439 22.95 Dale Steyn
100%
AUS 1993-2007 563 21.64 Glenn McGrath
100%
AUS 2011-2022* 199 21.66 Pat Cummins
100%
WI 1988-2000 405 20.99 Sir Curtly Ambrose
100%
NZ 1973-1990 431 22.29 Sir Richard Hadlee
100%
PAK 1985-2002 414 23.62 Wasim Akram
100%
SA 1992-2002 330 22.25 Allan Donald
92%
AUS 1971-1984 355 23.92 Dennis Lillee
92%
PAK 1971-1992 362 22.81 Imran Khan
92%
IND 2018-2022* 128 21.99 Jasprit Bumrah
92%
WI 1977-1987 259 20.97 Joel Garner
92%
SA 2015-2021* 257 22.46 Kagiso Rabada
92%
WI 1978-1991 376 20.94 Malcolm Marshall
92%
WI 1975-1987 249 23.68 Michael Holding
92%
SL 1992-2010 800 22.72 Muttiah Muralitharan
92%
SA 1995-2008 421 23.11 Shaun Pollock
92%
PAK 1989-2003 373 23.56 Waqar Younis
83%
ENG 1948-1959 193 21.24 Jim Laker
75%
ENG 1901-1914 189 16.43 Sydney Barnes
75%
SA 2011-2020 224 22.32 Vernon Philander
75%
ENG 1952-1965 307 21.57 Fred Trueman
58%
AUS 1952-1963 186 20.53 Alan Davidson
33%
AUS 1946-1956 170 22.97 Keith Miller
33%
AUS 1946-1960 228 23.03 Ray Lindwall
25%
No matching quizzes found
Score Distribution
Percent of People with Each Score
Percentile by Number Answered
Your Score History
You have not taken this quiz since the last reset